Biện pháp quản lý chất lượng đào tạo theo hình thức đào tạo từ xa của Viện Đại học mở Hà Nội tại Trung tâm Đà Nẵng
Cơ sở lý luận về chất lượng đào tạo và quản lý chất lượng đào tạo từ xa. Thực trạng đào tạo từ xa công tác quản lý chất lượng đào tạo theo hình thức đào tạo từ xa của Viện Đại học mở Hà Nội tại Trung tâm Đà Nẵng. Một số biện pháp quản lý chất lượng đào tạo theo hình thức đào tạo từ xa của Viện Đại h...
Na minha lista:
| Autor principal: | |
|---|---|
| Outros Autores: | |
| Formato: | Livro |
| Idioma: | Vietnamese |
| Publicado em: |
Đà Nẵng
Đại học Đà Nẵng
2008
|
| Assuntos: | |
| Tags: |
Adicionar Tag
Sem tags, seja o primeiro a adicionar uma tag!
|
| Thư viện lưu trữ: | Mạng thư viện Đại học Đà Nẵng |
|---|
| LEADER | 01925nam a2200349 4500 | ||
|---|---|---|---|
| 001 | 000010835 | ||
| 003 | 7055 | ||
| 005 | 20111222101247.0 | ||
| 008 | 111222s2008 viesd | ||
| 041 | |a vie | ||
| 072 | |a Luận văn Thạc sĩ khoa học giáo dục | ||
| 082 | |a 378.1 |b TA-Q | ||
| 100 | 1 | |a Tạ Ngọc Như Quỳnh | |
| 245 | 1 | |a Biện pháp quản lý chất lượng đào tạo theo hình thức đào tạo từ xa của Viện Đại học mở Hà Nội tại Trung tâm Đà Nẵng |c Tạ Ngọc Như Quỳnh | |
| 260 | |a Đà Nẵng |b Đại học Đà Nẵng |c 2008 | ||
| 300 | |a 119 tr. |c 29 cm |e 1 tóm tắt | ||
| 500 | |a Luận văn Thạc sĩ Khoa học giáo dục. Chuyên ngành: Quản lý giáo dục. Mã số: 60.14.05 | ||
| 520 | |a Cơ sở lý luận về chất lượng đào tạo và quản lý chất lượng đào tạo từ xa. Thực trạng đào tạo từ xa công tác quản lý chất lượng đào tạo theo hình thức đào tạo từ xa của Viện Đại học mở Hà Nội tại Trung tâm Đà Nẵng. Một số biện pháp quản lý chất lượng đào tạo theo hình thức đào tạo từ xa của Viện Đại học mở Hà Nội tại Trung tâm Đà Nẵng | ||
| 653 | |a Hình thức đào tạo từ xa | ||
| 653 | |a Luận văn Thạc sĩ Khoa học giáo dục | ||
| 653 | |a Viện Đại học mở Hà Nội | ||
| 700 | 1 | |a Trần Kiểm |c PGS.TS |e Hướng dẫn | |
| OWN | |a LSP | ||
| AVA | |a UDN50 |b LSP |d 378.1 TA-Q |e available |t Error 5001 Not defined in file expand_doc_bib_avail. |f 1 |g 0 |h N |i 0 |k 1 | ||
| 999 | |a From the UDN01 | ||
| AVA | |a UDN50 |b LSP |d 378.1 TA-Q |e available |t Error 5001 Not defined in file expand_doc_bib_avail. |f 1 |g 0 |h N |i 0 |k 1 | ||
| TYP | |a Monograph | ||
| TYP | |a Printed language | ||
| 980 | |a Mạng thư viện Đại học Đà Nẵng | ||